Sports Quiz

Random Sports or WWE Quiz

WWE 4 Star + SummerSlam Matches Quiz Stats

 Plays Quiz not verified by Sporcle

Challenge
Share
Tweet
Embed
Score 0/66 Timer 10:00
0 Plays Today
Summerslam Wrestler % Correct
SummerSlam '17Jimmy Uso
100%
SummerSlam '17Jey Uso
100%
SummerSlam '17Big E
100%
SummerSlam '17Seth Rollins
100%
SummerSlam '17Xavier Woods
100%
SummerSlam '17Dean Ambrose
100%
SummerSlam '17Brock Lesnar
100%
SummerSlam '98The Rock
98.6%
SummerSlam '08The Undertaker
98.2%
SummerSlam '15The Undertaker
98.2%
SummerSlam '98Triple H
97.2%
SummerSlam '02Triple H
97.2%
SummerSlam '03Brock Lesnar
97.2%
SummerSlam '07John Cena
97.2%
SummerSlam '13Brock Lesnar
97.2%
SummerSlam '13John Cena
97.2%
SummerSlam '14Brock Lesnar
97.2%
SummerSlam '14John Cena
97.2%
SummerSlam '15John Cena
97.2%
SummerSlam '15Brock Lesnar
97.2%
SummerSlam '16John Cena
97.2%
SummerSlam '01Steve Austin
96.8%
SummerSlam '00Edge
96.3%
SummerSlam '08Edge
96.3%
SummerSlam '15Seth Rollins
96.3%
SummerSlam '16Seth Rollins
96.3%
SummerSlam '95Shawn Michaels
95.9%
SummerSlam '96Shawn Michaels
95.9%
SummerSlam '02Shawn Michaels
95.9%
SummerSlam '04Randy Orton
95.9%
SummerSlam '07Randy Orton
95.9%
SummerSlam '11Randy Orton
95.9%
SummerSlam '14Randy Orton
95.4%
Summerslam Wrestler % Correct
SummerSlam '91Bret Hart
95%
SummerSlam '92Bret Hart
95%
SummerSlam '93Bret Hart
95%
SummerSlam '94Bret Hart
95%
SummerSlam '00Jeff Hardy
94%
SummerSlam '94Owen Hart
93.6%
SummerSlam '00Matt Hardy
93.6%
SummerSlam '09Jeff Hardy
93.6%
SummerSlam '17Sheamus
93.3%
SummerSlam '17Cesaro
93.3%
SummerSlam '17Samoa Joe
93.3%
SummerSlam '17Roman Reigns
93.3%
SummerSlam '17Braun Strowman
93.3%
SummerSlam '00Christian
93.1%
SummerSlam '01Kurt Angle
93.1%
SummerSlam '03Kurt Angle
93.1%
SummerSlam '11Christian
93.1%
SummerSlam '09CM Punk
92.7%
SummerSlam '13CM Punk
92.7%
SummerSlam '16AJ Styles
91.7%
SummerSlam '13Daniel Bryan
91.3%
SummerSlam '00Bubba Ray Dudley
90.4%
SummerSlam '00D-Von Dudley
90.4%
SummerSlam '04Chris Benoit
88.5%
SummerSlam '16Finn Balor
88.1%
SummerSlam '14Roman Reigns
87.2%
SummerSlam '92Randy Savage
79.4%
SummerSlam '95Razor Ramon
78.4%
SummerSlam '92The Ultimate Warrior
78%
SummerSlam '92The British Bulldog
76.1%
SummerSlam '96Vader
67%
SummerSlam '91Mr. Perfect
63.8%
SummerSlam '93Jerry Lawler
39.9%

You're not logged in!

Compare scores with friends on all Sporcle quizzes.
Join for Free
OR
Log In

You Might Also Like...

Show Comments

Extras

Created Jan 21, 2017ReportNominate
Tags:WWE Quiz, summerslam

Top Quizzes Today


Score Distribution

Your Account Isn't Verified!

In order to create a playlist on Sporcle, you need to verify the email address you used during registration. Go to your Sporcle Settings to finish the process.

Report this User

Report this user for behavior that violates our Community Guidelines.

Details: